000 00593nam a22001817a 4500
999 _c170111
_d170111
005 20191211111244.0
010 _aENG-127067
020 _c195.00
_a9788193374511
035 _aEN-110599
037 _bDBAD/PUB
082 _a280
100 _aJuan Jose Bartolome
245 _aFaith sharing on sundays of the year /
_cby Juan Jose Bartolome
260 _aBengalure
_bKristu Jyoti Publications
_c2017
270 _aBosco Nagar
_bKrishnarajapuram, Bengaluru
_e560036
_mkristujyotipub@yahoo.co.in
_k09481201282
300 _a367p.
_c21cm(pbk)
942 _2ddc
_cEN
_h280
_mJUA